000 01094nam a2200313 a 4500
003 BLK
005 20250405133011.0
008 210514b bu |||||r|||| 00| | bu d
020 _a9786199115084
040 _aBLK
041 _aBUL
_cBUL
080 _aБългарска литература
_b821.163.2
_x-312
_z821.163.2-312
100 _9480562
_aЛуи
_d1977-
_qПавлов, Богдан Николаев
139 _aЛуи
245 _aКуцулан II
_bВидовден
_cЛуи ; ил. Ваня Колева
260 _9453461
_aБургас
_bЛуи
_c2021
300 _a144с.
_bс ил.
_c22 см
380 _aX
500 _aЗагл. в изд. каре: Куцулан II Видовден. - Луи - псевд. на авт. Богдан Николаев Павлов
700 _9599
_aКолева, Ваня Николаева
_eил.
852 _aЦб 312273
_bЦб
856 _i0.00
_ldisable
942 _cKNG
_n0
_s1
_015
944 _aCR
_k30545
_lНора Радева
999 _c454846
_d454846
999 _d454846
999 _d454846
999 _d454846
999 _d454846